000 00869nmm a2200265 a 4500
001 ocm0001864715
003 TR-IsHL
005 20201028171835.0
008 180412s2017 tu tur
007 cr cn
020 _a9781365737282 -- 9786059496056
035 _a1864715
_b(N$T)
050 0 4 _aPL248.M48
_bD56 2017
090 0 4 _aPL248.M48
_bD56 2017
100 1 _aMetin, Selma Mehtap
245 1 0 _aDini bir vecibeyle pis bir ucube: şiir
_h[electronic resource] /
_cSelma Mehtap Metin
260 _aİstanbul :
_bE-Kitap Projesi,
_c2017
300 _a61 p.
650 4 _aDil ve Edebiyat
650 4 _aLanguage and Literature
650 0 _aTürk şiiri
650 0 _aTurkish poetry
650 7 _aLITERARY COLLECTIONS / Middle Eastern
_2bisacsh
856 4 0 _uhttp://search.ebscohost.com/login.aspx?direct=true&scope=site&db=e011xww&AN=1864715
999 _c16903
_d16903